000 00483nam a2200193 4500
003 OSt
005 20191023103823.0
008 191023b xxu||||| |||| 00| 0 spa d
040 _cBiblioteca Ernesto Sábato
092 _a808.068
_bS772
100 _aSpyri, Johanna
245 _aHeidi. Hans Brinker
260 _aNew York
_bGrosset & Dunlap
_c1963
300 _a602 p
546 _ainglés
650 _aLITERATURA INFANTIL
700 _aMary Mapes Dodge
942 _2ddc
_cBDGR
999 _c34074
_d34074